[Event "Oberliga Ost A 2018 2019"]
[Site "?"]
[Date "2019.03.24"]
[Round "9.1"]
[White "Zwahr, Paul"]
[Black "Pulpan, Jakub"]
[Result "1-0"]
[WhiteElo "2302"]
[BlackElo "2417"]
[PlyCount "57"]
[EventDate "2018.10.21"]
[EventType "team-tourn"]
[EventCountry "GER"]
[WhiteTeam "Dresden SG Gruen Weiss"]
[BlackTeam "Aue ESV Nickelhuette II"]
[WhiteTeamCountry "GER"]
[BlackTeamCountry "GER"]

1. e4 c5 2. Nf3 d6 3. d4 cxd4 4. Nxd4 Nf6 5. Nc3 a6 6. Be3 e5 7. Nb3 Be6 8. f3
h5 9. Qd2 Nbd7 10. Nd5 Bxd5 11. exd5 g6 12. Be2 Bg7 13. O-O O-O 14. Na5 Qc7 15.
c4 e4 16. f4 Rfe8 17. Rac1 Rac8 18. b4 Ng4 19. Bxg4 hxg4 20. c5 Nf6 21. Nc4
dxc5 22. bxc5 Rcd8 23. d6 Qc8 24. Rfd1 Qe6 25. Na5 Rb8 26. Rb1 Qd7 27. Rxb7
Rxb7 28. c6 Qc8 29. cxb7 1-0

[Event "Oberliga Ost A 2018 2019"]
[Site "?"]
[Date "2019.03.24"]
[Round "9.2"]
[White "Jurasek, Miroslav"]
[Black "Zimmermann, Rene"]
[Result "1/2-1/2"]
[WhiteElo "2234"]
[BlackElo "2216"]
[PlyCount "56"]
[EventDate "2018.10.21"]
[EventType "team-tourn"]
[EventCountry "GER"]
[WhiteTeam "Aue ESV Nickelhuette II"]
[BlackTeam "Dresden SG Gruen Weiss"]
[WhiteTeamCountry "GER"]
[BlackTeamCountry "GER"]

1. e4 e6 2. d4 d5 3. e5 c5 4. c3 Bd7 5. Nf3 Qb6 6. a3 Nh6 7. b4 cxd4 8. cxd4
Nc6 9. Be2 Rc8 10. Be3 Nf5 11. O-O f6 12. exf6 gxf6 13. Qd2 Bg7 14. Nc3 Nce7
15. Rac1 O-O 16. g4 Nd6 17. Ne5 Be8 18. Nd3 Nc4 19. Qa2 Nxe3 20. fxe3 Bh6 21.
Nf4 Bf7 22. Na4 Qd6 23. Nc5 b6 24. Ncd3 Rxc1 25. Nxc1 e5 26. Ng2 Rc8 27. Nd3
Bg6 28. Qb2 Bxd3 1/2-1/2

[Event "Oberliga Ost A 2018 2019"]
[Site "?"]
[Date "2019.03.24"]
[Round "9.3"]
[White "Gehmlich, Marcel"]
[Black "Heinz, Thomas"]
[Result "1/2-1/2"]
[WhiteElo "2181"]
[BlackElo "2141"]
[PlyCount "100"]
[EventDate "2018.10.21"]
[EventType "team-tourn"]
[EventCountry "GER"]
[WhiteTeam "Dresden SG Gruen Weiss"]
[BlackTeam "Aue ESV Nickelhuette II"]
[WhiteTeamCountry "GER"]
[BlackTeamCountry "GER"]

1. c4 e5 2. Nc3 Nc6 3. g3 g6 4. Bg2 Bg7 5. e3 d6 6. Nge2 Nf6 7. d4 O-O 8. O-O
Rb8 9. dxe5 Nxe5 10. b3 Bg4 11. f3 Bd7 12. Nd4 Nc6 13. Bb2 Re8 14. Nxc6 Bxc6
15. e4 b6 16. Qd2 Qd7 17. Rac1 a5 18. Rf2 Rbd8 19. Nd5 Bxd5 20. cxd5 Re7 21.
Qg5 h6 22. Qh4 g5 23. Qh3 Qxh3 24. Bxh3 g4 25. Bxg4 Nxg4 26. fxg4 Bxb2 27. Rxb2
Rxe4 28. Rxc7 Rd4 29. Rf2 Rxd5 30. Rfxf7 Rg5 31. Rfd7 Rxd7 32. Rxd7 Rd5 33. h4
b5 34. Kf2 Rd2+ 35. Ke3 Rxa2 36. Rxd6 Ra3 37. Rxh6 Rxb3+ 38. Kf4 a4 39. Ra6 a3
40. Kf5 b4 41. h5 Rf3+ 42. Kg6 Rf8 43. h6 b3 44. Rxa3 Rb8 45. Ra1 b2 46. Rb1
Rb4 47. Kh5 Kh7 48. g5 Rb5 49. Kg4 Kg6 50. Kf4 Rb3 1/2-1/2

[Event "Oberliga Ost A 2018 2019"]
[Site "?"]
[Date "2019.03.24"]
[Round "9.4"]
[White "Rosko, Lubos"]
[Black "Schnoor, Ekkehard"]
[Result "1-0"]
[WhiteElo "2298"]
[BlackElo "2159"]
[PlyCount "97"]
[EventDate "2018.10.21"]
[EventType "team-tourn"]
[EventCountry "GER"]
[WhiteTeam "Aue ESV Nickelhuette II"]
[BlackTeam "Dresden SG Gruen Weiss"]
[WhiteTeamCountry "GER"]
[BlackTeamCountry "GER"]

1. d4 Nf6 2. Nf3 g6 3. Nc3 d5 4. Bf4 Bg7 5. Nb5 Na6 6. e3 c6 7. Nc3 Nc7 8. h3
a6 9. Be2 Nb5 10. Na4 Nd6 11. Nc5 O-O 12. O-O Nfe4 13. Nxe4 Nxe4 14. c4 dxc4
15. Bxc4 Nd6 16. Bd3 Bf5 17. Be5 Bxd3 18. Qxd3 Qa5 19. Bxg7 Kxg7 20. Rfc1 Qb5
21. Qc2 Qf5 22. Ne5 Rad8 23. Qxf5 gxf5 24. g3 Ne4 25. Rc2 Rg8 26. Nd3 e6 27.
Rb1 f6 28. b4 e5 29. Nc5 Nxc5 30. bxc5 exd4 31. Rxb7+ Kh6 32. exd4 f4 33. g4 f5
34. Kg2 fxg4 35. hxg4 Rxd4 36. Rc1 Rxg4+ 37. Kf3 Rh4 38. Rc7 Rd3+ 39. Ke4 Rd2
40. Rxc6+ Kh5 41. Rxa6 Rxf2 42. c6 f3+ 43. Kd3 Rhh2 44. c7 Rd2+ 45. Kc3 f2 46.
c8=Q f1=Q 47. Qe8+ Kg5 48. Qe7+ Kg4 49. Qg7+ 1-0

[Event "Oberliga Ost A 2018 2019"]
[Site "?"]
[Date "2019.03.24"]
[Round "9.5"]
[White "Hutsch, Oliver"]
[Black "Floeter, Frank"]
[Result "1-0"]
[WhiteElo "2140"]
[BlackElo "2133"]
[PlyCount "79"]
[EventDate "2018.10.21"]
[EventType "team-tourn"]
[EventCountry "GER"]
[WhiteTeam "Dresden SG Gruen Weiss"]
[BlackTeam "Aue ESV Nickelhuette II"]
[WhiteTeamCountry "GER"]
[BlackTeamCountry "GER"]

1. d4 Nf6 2. c4 g6 3. g3 c6 4. Bg2 d5 5. Nf3 Bg7 6. O-O O-O 7. Nbd2 Bf5 8. Ne5
Ng4 9. cxd5 Nxe5 10. dxe5 Bxe5 11. Nc4 Bg7 12. e4 Bd7 13. Bf4 Re8 14. Qd2 Na6
15. Rfd1 Bg4 16. f3 cxd5 17. exd5 Bd7 18. Rac1 Rc8 19. Be3 b6 20. b3 Nc5 21. g4
Nb7 22. Bd4 f6 23. h3 b5 24. Nb2 a6 25. Nd3 Rxc1 26. Rxc1 Qb8 27. Nf2 Rc8 28.
Re1 Kf7 29. Qe3 Bf8 30. Ne4 Rc2 31. Re2 Rxe2 32. Qxe2 Qc7 33. Qd2 Bc8 34. Bf1
Bg7 35. Kg2 Bf8 36. a4 bxa4 37. bxa4 Bd7 38. Bxa6 Na5 39. Qa2 Bh6 40. d6+ 1-0

[Event "Oberliga Ost A 2018 2019"]
[Site "?"]
[Date "2019.03.24"]
[Round "9.6"]
[White "Heinz, Juergen"]
[Black "Kunze, Christopher"]
[Result "1/2-1/2"]
[WhiteElo "2198"]
[BlackElo "2112"]
[PlyCount "30"]
[EventDate "2018.10.21"]
[EventType "team-tourn"]
[EventCountry "GER"]
[WhiteTeam "Aue ESV Nickelhuette II"]
[BlackTeam "Dresden SG Gruen Weiss"]
[WhiteTeamCountry "GER"]
[BlackTeamCountry "GER"]

1. c4 d6 2. d4 Nf6 3. Bg5 g6 4. Bxf6 exf6 5. Nc3 b6 6. e4 Bg7 7. Nf3 O-O 8. Bd3
c5 9. d5 Nd7 10. h3 Ne5 11. Nxe5 fxe5 12. g4 Qh4 13. Qe2 Bh6 14. Qf3 Kh8 15.
Ke2 a6 1/2-1/2

[Event "Oberliga Ost A 2018 2019"]
[Site "?"]
[Date "2019.03.24"]
[Round "9.7"]
[White "Rudolf, Matthias"]
[Black "Poessel, Christian"]
[Result "1/2-1/2"]
[WhiteElo "2090"]
[BlackElo "1982"]
[PlyCount "43"]
[EventDate "2018.10.21"]
[EventType "team-tourn"]
[EventCountry "GER"]
[WhiteTeam "Dresden SG Gruen Weiss"]
[BlackTeam "Aue ESV Nickelhuette II"]
[WhiteTeamCountry "GER"]
[BlackTeamCountry "GER"]

1. b3 Nf6 2. Bb2 e6 3. e3 Be7 4. f4 c5 5. Nf3 Nc6 6. Bb5 Qb6 7. a4 a6 8. Bxc6
Qxc6 9. O-O d6 10. Qe2 O-O 11. a5 Bd7 12. d3 Nd5 13. Nbd2 f5 14. Nc4 Rae8 15.
Rae1 Bf6 16. Bxf6 Rxf6 17. g3 Rg6 18. Nh4 Rh6 19. e4 Ne7 20. Nb6 fxe4 21. dxe4
Qc7 22. Nxd7 1/2-1/2

[Event "Oberliga Ost A 2018 2019"]
[Site "?"]
[Date "2019.03.24"]
[Round "9.8"]
[White "Roskova, Katerina"]
[Black "Dahl, Christoph"]
[Result "1/2-1/2"]
[WhiteElo "1972"]
[BlackElo "2034"]
[PlyCount "238"]
[EventDate "2018.10.21"]
[EventType "team-tourn"]
[EventCountry "GER"]
[WhiteTeam "Aue ESV Nickelhuette II"]
[BlackTeam "Dresden SG Gruen Weiss"]
[WhiteTeamCountry "GER"]
[BlackTeamCountry "GER"]

1. Nf3 Nf6 2. c4 g6 3. b3 Bg7 4. Bb2 d6 5. g3 O-O 6. Bg2 e5 7. Nc3 Nc6 8. d3 e4
9. dxe4 Nxe4 10. Qc1 Re8 11. Nxe4 Bxb2 12. Qxb2 Rxe4 13. O-O Qe7 14. Rfe1 Bd7
15. e3 Re8 16. Qd2 Qf6 17. Nd4 R4e7 18. Nb5 Rc8 19. Nc3 Ree8 20. Nd5 Qg7 21.
Qc3 Ne5 22. f4 c6 23. fxe5 cxd5 24. Bxd5 Bc6 25. Qd4 Bxd5 26. Qxd5 Qxe5 27.
Rad1 Rc6 28. e4 Re7 29. Qd3 Qc5+ 30. Kg2 Ra6 31. Re2 Re5 32. Qf3 Qc6 33. Rd5
Qe8 34. Qd3 Kg7 35. Kf3 Qe6 36. Qd4 f6 37. Rd2 Qh3 38. Rxe5 fxe5 39. Qd5 Rc6
40. Rf2 Qd7 41. Ke3 Rc5 42. Qd1 a6 43. Rd2 Rc6 44. Rd5 b5 45. c5 Qh3 46. Rxd6
Rxc5 47. Rd7+ Kh6 48. Qd2 Qf1 49. Qe2 Qc1+ 50. Qd2 Qf1 51. Qe2 Rc3+ 52. Rd3 Rc1
53. Qxf1 Rxf1 54. Rd6 Re1+ 55. Kf3 a5 56. Rd5 Ra1 57. Rxe5 Rxa2 58. Rxb5 Rxh2
59. Rxa5 Rb2 60. Rb5 Kg7 61. Rb6 Kf7 62. Kf4 Rc2 63. b4 Rb2 64. Ke5 Ke7 65. b5
Kd7 66. Rd6+ Ke7 67. Rb6 Kd7 68. Rb7+ Kc8 69. Rxh7 Rxb5+ 70. Kf6 Rb6+ 71. Kg5
Re6 72. Kf4 Kd8 73. g4 Ke8 74. Ra7 Kf8 75. e5 Rb6 76. Kg5 Re6 77. Kf4 Rb6 78.
Rd7 Rb5 79. Ra7 Rb6 80. Kg5 Re6 81. Ra8+ Kg7 82. Ra7+ Kg8 83. Kf4 Rb6 84. Rd7
Rb5 85. Ra7 Rb6 86. Rd7 Rb5 87. e6 Kf8 88. Ke4 Rg5 89. Kf4 Rb5 90. Rf7+ Ke8 91.
Rg7 Ra5 92. Rxg6 Ke7 93. Kg3 Rb5 94. Kh4 Re5 95. g5 Re1 96. Rf6 Rh1+ 97. Kg4
Rh2 98. Kf5 Rf2+ 99. Kg6 Rg2 100. Kh6 Rg3 101. Rg6 Rg2 102. Kh7 Rg1 103. Kg7
Rg2 104. Kg8 Rg1 105. Kh7 Rg2 106. Kh6 Rh2+ 107. Kg7 Rg2 108. Kh7 Rg1 109. Kg8
Rg2 110. Kg7 Rg1 111. Kh6 Rh1+ 112. Kg7 Rg1 113. Kg8 Rg2 114. Rg7+ Kxe6 115. g6
Rg5 116. Kf8 Kf6 117. Rf7+ Kxg6 118. Rg7+ Kf6 119. Rxg5 Kxg5 1/2-1/2

[Event "Oberliga Ost A 2018 2019"]
[Site "?"]
[Date "2019.03.24"]
[Round "9.1"]
[White "Roseneck, Jonas"]
[Black "Pietsch, Michael"]
[Result "1-0"]
[WhiteElo "2400"]
[BlackElo "2176"]
[PlyCount "145"]
[EventDate "2018.10.21"]
[EventType "team-tourn"]
[EventCountry "GER"]
[WhiteTeam "Magdeburg SG Aufbau Elbe"]
[BlackTeam "Coswig TuS"]
[WhiteTeamCountry "GER"]
[BlackTeamCountry "GER"]

1. e4 c6 2. d4 d5 3. e5 c5 4. dxc5 e6 5. a3 Nc6 6. Nf3 Bxc5 7. b4 Bb6 8. Bb2
Nge7 9. Bd3 Ng6 10. O-O Nf4 11. c4 Nxd3 12. Qxd3 dxc4 13. Qxc4 Ne7 14. Nc3 Bd7
15. Rfd1 Qc7 16. Qg4 Bc6 17. Rac1 Rd8 18. Qxg7 Rg8 19. Qf6 Nf5 20. Ng5 Rxd1+
21. Rxd1 Qe7 22. Nge4 Nh4 23. g3 Rg6 24. Qh8+ Qf8 25. Qxf8+ Kxf8 26. b5 Be8 27.
Nd6 Nf3+ 28. Kg2 Nxe5 29. Nce4 f5 30. Bxe5 fxe4 31. Re1 Bc5 32. Nxe8 Kxe8 33.
a4 e3 34. fxe3 Rg5 35. Bd4 Rd5 36. Bxc5 Rxc5 37. Kf3 Rc4 38. Ra1 Ke7 39. g4 h6
40. h3 Kf6 41. a5 Rb4 42. a6 Rxb5 43. axb7 Rxb7 44. Ra5 Rc7 45. Kf4 Rb7 46. Ra6
Rc7 47. h4 Rb7 48. e4 Rc7 49. g5+ hxg5+ 50. hxg5+ Kf7 51. Kg4 Rb7 52. Kh5 Re7
53. Kh6 Rb7 54. e5 Re7 55. Rc6 Re8 56. Rc7+ Kg8 57. Rxa7 Kh8 58. g6 Kg8 59.
Rg7+ Kh8 60. Rh7+ Kg8 61. g7 Kf7 62. Rh8 Rg8 63. Rxg8 Kxg8 64. Kh5 Kxg7 65. Kg5
Kf7 66. Kh6 Ke7 67. Kg7 Ke8 68. Kf6 Kd7 69. Kf7 Kd8 70. Kxe6 Ke8 71. Kf6 Kf8
72. e6 Ke8 73. e7 1-0

[Event "Oberliga Ost A 2018 2019"]
[Site "?"]
[Date "2019.03.24"]
[Round "9.2"]
[White "Schweitzer, Andreas"]
[Black "Melamed, Tatjana"]
[Result "1-0"]
[WhiteElo "2270"]
[BlackElo "2359"]
[PlyCount "53"]
[EventDate "2018.10.21"]
[EventType "team-tourn"]
[EventCountry "GER"]
[WhiteTeam "Coswig TuS"]
[BlackTeam "Magdeburg SG Aufbau Elbe"]
[WhiteTeamCountry "GER"]
[BlackTeamCountry "GER"]

1. e4 c5 2. Nf3 e6 3. d4 cxd4 4. Nxd4 Nc6 5. Nc3 Qc7 6. g3 a6 7. Bg2 h5 8. O-O
h4 9. Re1 hxg3 10. hxg3 Bc5 11. Nxc6 bxc6 12. e5 Bb7 13. Bf4 Bb4 14. Ne4 Bxe1
15. Qxe1 Ne7 16. Nd6+ Kf8 17. Rd1 Rb8 18. Qe4 Nc8 19. Be3 Qa5 20. Nxf7 Kxf7 21.
Rxd7+ Ne7 22. Bg5 Kg8 23. Rxe7 Qxa2 24. Bh4 Qb1+ 25. Bf1 Qxb2 26. Qg6 Qxe5 27.
Qf7+ 1-0

[Event "Oberliga Ost A 2018 2019"]
[Site "?"]
[Date "2019.03.24"]
[Round "9.3"]
[White "Andre, Gordon"]
[Black "Klawa, Patrick"]
[Result "1-0"]
[WhiteElo "2337"]
[BlackElo "2188"]
[PlyCount "45"]
[EventDate "2018.10.21"]
[EventType "team-tourn"]
[EventCountry "GER"]
[WhiteTeam "Magdeburg SG Aufbau Elbe"]
[BlackTeam "Coswig TuS"]
[WhiteTeamCountry "GER"]
[BlackTeamCountry "GER"]

1. d4 f5 2. Nc3 d5 3. Bg5 c6 4. e3 Qb6 5. Rb1 Nd7 6. Bd3 e6 7. Nh3 g6 8. Nf4 e5
9. Ne6 e4 10. Be2 Bd6 11. Bd8 Qxd8 12. Nxd8 Kxd8 13. b4 a5 14. b5 Bb4 15. Rb3
Ne7 16. O-O Bd6 17. Na4 Rg8 18. f3 Ke8 19. c4 exf3 20. gxf3 cxb5 21. Rxb5 Nf6
22. Nb6 Rb8 23. cxd5 1-0

[Event "Oberliga Ost A 2018 2019"]
[Site "?"]
[Date "2019.03.24"]
[Round "9.4"]
[White "Escher, Thomas"]
[Black "Biastoch, Bennet"]
[Result "1-0"]
[WhiteElo "2187"]
[BlackElo "2269"]
[PlyCount "69"]
[EventDate "2018.10.21"]
[EventType "team-tourn"]
[EventCountry "GER"]
[WhiteTeam "Coswig TuS"]
[BlackTeam "Magdeburg SG Aufbau Elbe"]
[WhiteTeamCountry "GER"]
[BlackTeamCountry "GER"]

1. e4 c5 2. Nf3 d6 3. d4 cxd4 4. Nxd4 Nf6 5. Nc3 a6 6. Bg5 Nbd7 7. Bc4 g6 8.
Qe2 Qc7 9. O-O-O Bg7 10. Bb3 b5 11. Rhe1 h6 12. Bh4 Bb7 13. f4 Nc5 14. e5 dxe5
15. fxe5 Nh5 16. Nf5 gxf5 17. Qxh5 e6 18. Bf6 Bxf6 19. exf6 Qf4+ 20. Kb1 Qg5
21. Qe2 Nxb3 22. Nxb5 O-O 23. Nd6 Nc5 24. g4 f4 25. Qf2 Na4 26. Qd4 Bc6 27. Re5
Qxf6 28. g5 Qg6 29. gxh6 Rfd8 30. Rg1 Bg2 31. Qxf4 f5 32. Re2 Kh7 33. Rexg2
Qxh6 34. Qxh6+ Kxh6 35. Rg3 1-0

[Event "Oberliga Ost A 2018 2019"]
[Site "?"]
[Date "2019.03.24"]
[Round "9.5"]
[White "Merkert, Maximilian"]
[Black "Piotraschke, Jens"]
[Result "1/2-1/2"]
[WhiteElo "2250"]
[BlackElo "2117"]
[PlyCount "90"]
[EventDate "2018.10.21"]
[EventType "team-tourn"]
[EventCountry "GER"]
[WhiteTeam "Magdeburg SG Aufbau Elbe"]
[BlackTeam "Coswig TuS"]
[WhiteTeamCountry "GER"]
[BlackTeamCountry "GER"]

1. c4 f5 2. g3 Nf6 3. Bg2 e6 4. Nf3 Be7 5. O-O O-O 6. Nc3 d6 7. b4 c6 8. d4 Ne4
9. Qb3 a5 10. b5 Nxc3 11. Qxc3 a4 12. Ba3 Nd7 13. Rab1 Nf6 14. Ne1 cxb5 15.
Rxb5 Qc7 16. Nd3 Ne4 17. Qb4 Re8 18. Rc1 Ra7 19. Rb1 Ra6 20. Nf4 Bf6 21. e3 Bd8
22. Rc1 Be7 23. Qb1 g5 24. Ne2 Rc6 25. Qd3 Bd7 26. Rb4 d5 27. c5 Ra6 28. Rcb1
Bc6 29. Nc1 Bd8 30. Qc2 Qd7 31. Nd3 Bc7 32. Bf1 Ra7 33. f3 Nf6 34. Bc1 Qe7 35.
Ne5 Bxe5 36. dxe5 Nd7 37. Bb5 Qxc5 38. Qxc5 Nxc5 39. Ba3 Nd7 40. f4 gxf4 41.
gxf4 Bxb5 42. Rxb5 b6 43. Rc1 Kf7 44. Bd6 Rea8 45. a3 Rb7 1/2-1/2

[Event "Oberliga Ost A 2018 2019"]
[Site "?"]
[Date "2019.03.24"]
[Round "9.6"]
[White "Merker, Matthias"]
[Black "Paul, Johannes"]
[Result "0-1"]
[WhiteElo "2145"]
[BlackElo "2376"]
[PlyCount "48"]
[EventDate "2018.10.21"]
[EventType "team-tourn"]
[EventCountry "GER"]
[WhiteTeam "Coswig TuS"]
[BlackTeam "Magdeburg SG Aufbau Elbe"]
[WhiteTeamCountry "GER"]
[BlackTeamCountry "GER"]

1. d4 Nf6 2. c4 e6 3. Nc3 Bb4 4. Qc2 d6 5. e3 O-O 6. Bd3 Nbd7 7. Nge2 b6 8. O-O
Bb7 9. a3 Bxc3 10. Nxc3 c5 11. Bd2 Qe7 12. Rad1 Rac8 13. Qb1 Ba6 14. b3 Rfd8
15. Rfe1 d5 16. cxd5 Bxd3 17. Qxd3 exd5 18. dxc5 Nxc5 19. Qb1 Qe5 20. h3 Nfe4
21. Nb5 Rc6 22. f3 Ng5 23. f4 Nxh3+ 24. gxh3 Qh5 0-1

[Event "Oberliga Ost A 2018 2019"]
[Site "?"]
[Date "2019.03.24"]
[Round "9.7"]
[White "Rafayevych, Vilen"]
[Black "Poenisch, Eckehard"]
[Result "1-0"]
[WhiteElo "2078"]
[BlackElo "2153"]
[PlyCount "89"]
[EventDate "2018.10.21"]
[EventType "team-tourn"]
[EventCountry "GER"]
[WhiteTeam "Magdeburg SG Aufbau Elbe"]
[BlackTeam "Coswig TuS"]
[WhiteTeamCountry "GER"]
[BlackTeamCountry "GER"]

1. c4 f5 2. d4 Nf6 3. Nc3 d6 4. Nf3 c6 5. g3 Qc7 6. d5 e5 7. dxe6 Bxe6 8. b3 d5
9. Nd4 Bf7 10. Bh3 g6 11. O-O Bg7 12. Bf4 Qe7 13. Bxf5 O-O 14. Bd3 Ne4 15. Bxe4
dxe4 16. e3 Nd7 17. Rc1 Rad8 18. Qg4 Nf6 19. Qh4 Rfe8 20. Bh6 Bh8 21. Bg5 Rd7
22. Rfd1 Qe5 23. Qf4 Qxf4 24. Bxf4 Nh5 25. Nde2 Rxd1+ 26. Rxd1 Nxf4 27. gxf4 a6
28. Rd7 b5 29. c5 b4 30. Na4 Bf6 31. Nd4 Bd5 32. Nb6 Bxd4 33. Nxd5 Bg7 34. Nxb4
Bf8 35. Rc7 a5 36. Na6 Re6 37. a3 Bg7 38. Nb8 Bb2 39. Nxc6 a4 40. bxa4 Bxa3 41.
Nd4 Ra6 42. c6 Rxa4 43. Rc8+ Kg7 44. c7 Bd6 45. Rg8+ 1-0

[Event "Oberliga Ost A 2018 2019"]
[Site "?"]
[Date "2019.03.24"]
[Round "9.8"]
[White "Kunath, Tim"]
[Black "Zeuner, Michael"]
[Result "1-0"]
[WhiteElo "2099"]
[BlackElo "2120"]
[PlyCount "71"]
[EventDate "2018.10.21"]
[EventType "team-tourn"]
[EventCountry "GER"]
[WhiteTeam "Coswig TuS"]
[BlackTeam "Magdeburg SG Aufbau Elbe"]
[WhiteTeamCountry "GER"]
[BlackTeamCountry "GER"]

1. e4 e5 2. Nf3 Nc6 3. Bc4 Bc5 4. c3 Nf6 5. d3 d6 6. Bb3 a6 7. O-O h6 8. Re1
Ba7 9. Nbd2 g5 10. Nf1 g4 11. N3d2 h5 12. Nc4 Rg8 13. Be3 b5 14. Bxa7 bxc4 15.
Ba4 Bd7 16. Be3 cxd3 17. Qxd3 h4 18. Bc2 Nh5 19. g3 Qf6 20. Rad1 Nd8 21. c4 Ne6
22. a4 Bc6 23. b4 Qg6 24. b5 Bb7 25. b6 Nf6 26. Nd2 Nh7 27. bxc7 Neg5 28. Rb1
Bc6 29. c5 d5 30. Nc4 Nf3+ 31. Kf1 Kd7 32. Nb6+ Kxc7 33. Nxd5+ Bxd5 34. Qxd5
Rab8 35. Red1 Rgd8 36. Rb7+ 1-0

[Event "Oberliga Ost A 2018 2019"]
[Site "?"]
[Date "2019.03.24"]
[Round "9.1"]
[White "Uhlmann, Wolfgang"]
[Black "Mueller, Frank"]
[Result "1/2-1/2"]
[WhiteElo "2312"]
[BlackElo "2253"]
[PlyCount "52"]
[EventDate "2018.10.21"]
[EventType "team-tourn"]
[EventCountry "GER"]
[WhiteTeam "Dresden USV TU II"]
[BlackTeam "Leipzig VfB Schach"]
[WhiteTeamCountry "GER"]
[BlackTeamCountry "GER"]

1. c4 Nf6 2. Nc3 e6 3. Nf3 d5 4. e3 c5 5. d4 Nc6 6. cxd5 exd5 7. Be2 Bd6 8. O-O
a6 9. dxc5 Bxc5 10. b3 O-O 11. Bb2 Be6 12. Rc1 Ba7 13. Rc2 d4 14. exd4 Nxd4 15.
Rd2 Nxe2+ 16. Nxe2 Qa5 17. Qa1 Ne4 18. Rd3 f6 19. Ned4 Bg4 20. Qe1 Qxe1 21.
Rxe1 Rfe8 22. Rde3 Nd6 23. h3 Rxe3 24. Rxe3 Bxf3 25. Rxf3 Rd8 26. Kf1 Kf7
1/2-1/2

[Event "Oberliga Ost A 2018 2019"]
[Site "?"]
[Date "2019.03.24"]
[Round "9.2"]
[White "Heinrich, Thomas"]
[Black "Urban, Konstantin"]
[Result "0-1"]
[WhiteElo "2185"]
[BlackElo "2319"]
[PlyCount "60"]
[EventDate "2018.10.21"]
[EventType "team-tourn"]
[EventCountry "GER"]
[WhiteTeam "Leipzig VfB Schach"]
[BlackTeam "Dresden USV TU II"]
[WhiteTeamCountry "GER"]
[BlackTeamCountry "GER"]

1. Nf3 Nf6 2. c4 g6 3. b4 Bg7 4. Bb2 O-O 5. e3 b6 6. Be2 Bb7 7. O-O Re8 8. d3
d6 9. Qc2 Nbd7 10. Nc3 c5 11. a3 Rc8 12. Rfd1 a6 13. Rac1 Qc7 14. Qb1 Qb8 15.
Ba1 h6 16. h3 Kh7 17. Nd2 e6 18. Bf1 d5 19. Ne2 Ba8 20. Bc3 Bh8 21. Qa1 e5 22.
bxc5 Nxc5 23. d4 Na4 24. dxe5 Nxc3 25. Rxc3 Rxe5 26. Qb1 dxc4 27. Rxc4 b5 28.
Rf4 Re7 29. Ng3 Nd5 30. Rh4 Bf6 0-1

[Event "Oberliga Ost A 2018 2019"]
[Site "?"]
[Date "2019.03.24"]
[Round "9.3"]
[White "Wegener, Dirk"]
[Black "Geiling, Christian"]
[Result "1-0"]
[WhiteElo "2379"]
[BlackElo "2170"]
[PlyCount "65"]
[EventDate "2018.10.21"]
[EventType "team-tourn"]
[EventCountry "GER"]
[WhiteTeam "Dresden USV TU II"]
[BlackTeam "Leipzig VfB Schach"]
[WhiteTeamCountry "GER"]
[BlackTeamCountry "GER"]

1. e4 c5 2. Nf3 e6 3. d4 cxd4 4. Nxd4 a6 5. Bd3 Nf6 6. Nc3 d6 7. Be3 Be7 8. f4
Qc7 9. g4 Nc6 10. g5 Nd7 11. Qd2 b5 12. Nxc6 Qxc6 13. O-O-O Rb8 14. h4 Nc5 15.
Ne2 Nxe4 16. Nd4 Qb7 17. Qe1 Nc5 18. Be2 b4 19. Bf3 d5 20. Nf5 b3 21. Nxg7+ Kf8
22. axb3 Nxb3+ 23. cxb3 Qxb3 24. Bd4 Qxf3 25. Qe5 Rb4 26. Nxe6+ fxe6 27. Qxh8+
Kf7 28. Bc3 Rc4 29. Qxh7+ Ke8 30. Qg6+ Kd8 31. Qd3 Qxf4+ 32. Kb1 Bd7 33. g6 1-0

[Event "Oberliga Ost A 2018 2019"]
[Site "?"]
[Date "2019.03.24"]
[Round "9.4"]
[White "Rohne, Lars"]
[Black "Wong, Gengchun"]
[Result "0-1"]
[WhiteElo "2161"]
[BlackElo "2138"]
[PlyCount "70"]
[EventDate "2018.10.21"]
[EventType "team-tourn"]
[EventCountry "GER"]
[WhiteTeam "Leipzig VfB Schach"]
[BlackTeam "Dresden USV TU II"]
[WhiteTeamCountry "GER"]
[BlackTeamCountry "GER"]

1. e4 c5 2. Nc3 Nc6 3. Bb5 Nd4 4. Bc4 e6 5. Nge2 Nf6 6. O-O a6 7. d3 b5 8. Bb3
Nxb3 9. axb3 Bb7 10. Bg5 h6 11. Bh4 d6 12. f4 Be7 13. Qe1 Nd7 14. Bxe7 Qxe7 15.
Ng3 O-O 16. Qe2 Rae8 17. Rae1 Qd8 18. Qh5 Qb6 19. Kh1 c4 20. f5 Nf6 21. Qe2
cxb3 22. cxb3 e5 23. Nh5 Nxh5 24. Qxh5 f6 25. Nd1 d5 26. Nf2 Re7 27. Ng4 dxe4
28. Re3 Rff7 29. dxe4 Rd7 30. Rc3 Qd4 31. Nf2 Qd2 32. Rg3 Kf8 33. h3 Qxb2 34.
Nd3 Qxb3 35. Kh2 Rxd3 0-1

[Event "Oberliga Ost A 2018 2019"]
[Site "?"]
[Date "2019.03.24"]
[Round "9.5"]
[White "Salzmann, Peter"]
[Black "Collini, Carsten"]
[Result "1-0"]
[WhiteElo "2151"]
[BlackElo "2136"]
[PlyCount "77"]
[EventDate "2018.10.21"]
[EventType "team-tourn"]
[EventCountry "GER"]
[WhiteTeam "Dresden USV TU II"]
[BlackTeam "Leipzig VfB Schach"]
[WhiteTeamCountry "GER"]
[BlackTeamCountry "GER"]

1. d4 Nf6 2. Nf3 g6 3. c3 Bg7 4. Bf4 O-O 5. h3 c5 6. e3 b6 7. Be2 Ba6 8. O-O
Qc8 9. Re1 d5 10. Nbd2 Nc6 11. Rc1 Qb7 12. dxc5 Bxe2 13. Rxe2 bxc5 14. Nb3 c4
15. Nbd4 Nxd4 16. exd4 e6 17. b4 cxb3 18. Rb2 Rfc8 19. Rxb3 Qa6 20. Ne5 Ne4 21.
f3 Nd6 22. Nd7 Qc6 23. Ne5 Qa6 24. Rcb1 Rc7 25. Nd3 Bf8 26. Nc5 Qc6 27. Qe1
Rcc8 28. Qh4 Nf5 29. Qe1 Bxc5 30. dxc5 Qxc5+ 31. Kh1 a5 32. g4 Ng7 33. Be5 Qe7
34. Rb7 Qd8 35. Rxf7 Kxf7 36. Rb7+ Ke8 37. Rxg7 Qg5 38. Rxh7 d4 39. f4 1-0

[Event "Oberliga Ost A 2018 2019"]
[Site "?"]
[Date "2019.03.24"]
[Round "9.6"]
[White "Just, Wolfgang"]
[Black "Oehl, Tim"]
[Result "0-1"]
[WhiteElo "2137"]
[BlackElo "2119"]
[PlyCount "88"]
[EventDate "2018.10.21"]
[EventType "team-tourn"]
[EventCountry "GER"]
[WhiteTeam "Leipzig VfB Schach"]
[BlackTeam "Dresden USV TU II"]
[WhiteTeamCountry "GER"]
[BlackTeamCountry "GER"]

1. f4 d5 2. Nf3 g6 3. e3 Bg7 4. d4 Nf6 5. c4 e6 6. Nc3 O-O 7. Be2 b6 8. O-O Bb7
9. Ne5 Nfd7 10. Bd2 f6 11. Nf3 c6 12. Rc1 f5 13. Be1 Nf6 14. Bh4 Qe8 15. Ne5
Nbd7 16. b4 dxc4 17. Nxc4 Qe7 18. Qb3 Rfe8 19. Ne5 Qd6 20. b5 c5 21. Bxf6 Nxf6
22. dxc5 Qxc5 23. Nc4 Rac8 24. Na4 Qc7 25. Qb1 Qe7 26. Rfd1 Bd5 27. Ne5 Qa3 28.
Nb2 Qxe3+ 29. Kf1 Qxf4+ 30. Nf3 Ng4 31. Nd3 Nxh2+ 32. Kg1 Nxf3+ 33. Bxf3 Qe3+
34. Kh2 Bd4 35. Rxc8 Rxc8 36. Re1 Qh6+ 37. Kg3 Qg5+ 38. Kh3 Bxf3 39. gxf3 f4
40. Nxf4 Qxf4 41. Qb3 Qf5+ 42. Kg3 Be5+ 43. Kf2 Rc2+ 44. Re2 Rc3 0-1